Sesso morte e illuminazione

Gorde:
Xehetasun bibliografikoak
Egile nagusia: Matousek Mark
Formatua: Liburua
Hizkuntza:hizkuntza ezezaguna
Argitaratua: * Gruppo Futura 1997
Etiketak: Etiketa erantsi
Etiketarik gabe, Izan zaitez lehena erregistro honi etiketa jartzen!

MARC

LEADER 00000nam a2200000Ia 4500
001 123
003 NUMERAZIONE-ORIGINALE-BRESCIA
005 20260206230748.0
008 260206s9999 xx 000 0 und d
100 |a Matousek Mark 
245 0 |a Sesso morte e illuminazione 
260 |a * 
260 |b Gruppo Futura 
260 |c 1997 
500 |a I nuovi delfini 
500 |a Una storia vera 
942 |2 ddc  |c BK  |n 0 
952 |0 0  |1 0  |2 ddc  |4 0  |6 15  |7 0  |9 28312  |a BS  |b BS  |d 2026-02-06  |i 123-2  |l 0  |o 1-5-*  |r 2026-02-06 22:40:32  |w 2026-02-06  |x [REVISIONARE]  |y BK 
952 |0 0  |1 0  |2 ddc  |4 0  |6 15  |7 0  |9 28313  |a BS  |b BS  |d 2026-02-06  |i 123-1  |l 0  |o 1-5-*  |r 2026-02-06 22:40:32  |w 2026-02-06  |x [REVISIONARE]  |y BK 
999 |c 24004  |d 24004